LEADER 00975nam0-22003491i-450- 001 990001733350403321 005 20110712123023.0 035 $a000173335 035 $aFED01000173335 035 $a(Aleph)000173335FED01 035 $a000173335 100 $a20030910d1968----km-y0itay50------ba 101 0 $aita 102 $aIT 200 1 $aElementi di demografia zootecnica$fTito Manlio Bettini 210 $aTorre del Greco$cArti Graf. Edit. Palomba$d1968 215 $a316 p.$d24 cm 610 0 $aDemografia zootecnica 676 $a636.082 700 1$aBettini,$bTito Manlio$0333278 801 0$aIT$bUNINA$gRICA$2UNIMARC 901 $aBK 912 $a990001733350403321 952 $a636-14$b7116$fDMVBF 952 $aV C 21$fDMVSF 952 $a60 636.082 4 B 11$b44302$fFAGBC 952 $a60 636.082 4 B 10$b44301$fFAGBC 959 $aFAGBC 959 $aDMVSF 959 $aDMVBF 996 $aElementi di demografia zootecnica$9365149 997 $aUNINA LEADER 01010nam--2200361---450- 001 990000426960203316 005 20080605164722.0 035 $a0042696 035 $aUSA010042696 035 $a(ALEPH)000042696USA01 035 $a0042696 100 $a20010504d1984----km-y0itay0103----ba 101 $aita 102 $aIT 105 $a||||||||001yy 200 1 $aArchivio diocesano di Teggiano$einventario generale 210 $aS.L.$cS.N.$d1984 215 $a33 p.$d32 cm 300 $aIl testo è fotocopiato 410 $12001 461 1$1001-------$12001 676 $a016.2824574 801 0$aIT$bsalbc$gISBD 912 $a990000426960203316 951 $aXV.1.A. Misc. 292(V G MISC 7/4)$b23957 LM$cXV.1 959 $aBK 969 $aUMA 979 $aPATTY$b90$c20010504$lUSA01$h1451 979 $c20020403$lUSA01$h1651 979 $aPATRY$b90$c20040406$lUSA01$h1630 979 $aCAPRIOLO$b90$c20080605$lUSA01$h1647 996 $aArchivio diocesano di Teggiano$9873540 997 $aUNISA